00289nam a2200121Ia 4500008004100000082001100041245002700052250000600079260002000085300000800105630002700113730002700140090124s9999 xx 000 0 und d b203603 aANAND K. COOMAROSWAMY  a1 bMOHAN JAGc1979 a118 aANAND K. COOMAROSWAMY  aANAND K. COOMAROSWAMY